000 00651nas a2200205 4500
001 BR9601525
003 BR-BrBNA
005 20231205095719.0
007 ta
008 230509b bl.|||p| |||| 00| 00por d
040 _aBR-BrBNA
_bpor
_cBiblioteca Nacional de Agricultura
041 _a(Pt)
072 _aH10
100 1 _aAlmeida, M.C. de
245 1 _aQuatro especies novas de Trigona (s. str.)(Apidae, Meliponinae)da regiao neotropical
650 _aIrapua
773 0 _tActa Biologica Paranaense (Brazil)
_xISSN 0301-2123
_g(Jan-Dec 1992), v. 21(1-4) p. 181-193
_wBR9601525
909 _a202311
_bLúcia
_c55
_dLúcia Elande
942 _2AGRIS
_n0
_cANA
999 _c152298
_d152298